Excavations at Coptos (Qift) in Upper Egypt, 1987-1992 /

محفوظ في:

المؤلف الرئيسي: Herbert, Sharon, 1944- (مؤلف)

مؤلفون مشاركون: Jāmiʻat Asyū., Kelsey Museum of Archaeology.

مؤلفون آخرون: Ariel, Donald T., Berlin, A.

التنسيق: كتاب

اللغة: English

منشور في: Portsmouth, R.I. : Journal of Roman Archaeology, 2003.

سلاسل: Journal of Roman archaeology. Supplementary series ; 53.
JRASS ; 53.

الموضوعات:

الوسوم: إضافة وسم

لا توجد وسوم, كن أول من يضع وسما على هذه التسجيلة!

رقم الطلب: DG11 .J62 no.53

LEADER 01370namaa2200385 4500
001 4661
003 OSt
005 20250319074635.0
008 130303s2003 riuab b 000 0 eng d
020 |a 1887829539 
035 |a ocm52155813 
040 |c ARCE Library 
043 |a f-ua--- 
050 4 |a DG11 .J62 no.53 
100 1 |a Herbert, Sharon,  |d 1944-   |e author 
245 1 0 |a Excavations at Coptos (Qift) in Upper Egypt, 1987-1992 /  |c by S.C. Herbert and A. Berlin ; with contributions by D.T. Ariel...[et. al.]. 
264 1 |a Portsmouth, R.I. :   |b Journal of Roman Archaeology,   |c 2003. 
300 |a 231 pages :  |b illustrations, maps ;  |c 29 cm. 
490 1 |a Journal of Roman archaeology. Supplementary series ;  |v 53.  |x 1063-4304 
490 1 |a JRASS ;   |v 53. 
490 1 |a Kelsey Museum fieldwork series. 
504 |a Includes bibliographical references. 
650 0 |a Excavations (Archaeology)  |z Egypt  |z Qif. 
651 0 |a Egypt  |x History  |y Greco-Roman period, 332 B.C.-640 A.D. 
651 0 |a Qifṭ (Egypt)  |x Antiquities. 
651 0 |a Qifṭ (Egypt)  |x History. 
700 1 |a Ariel, Donald T. 
700 1 |a Berlin, A. 
710 2 |a Jāmiʻat Asyū. 
710 2 |a Kelsey Museum of Archaeology.  |9 22703 
830 0 |a Journal of Roman archaeology. Supplementary series ;   |v 53. 
830 0 |a JRASS ;   |v 53. 
901 |a reviewed 
942 |c BK  |2 lcc 
999 |c 3423  |d 3423